000 00543nam a2200205Ia 4500
005 20240207093726.0
008 131103s9999 xx 000 0 und d
040 _aLoreto College
041 _aEnglish
082 _a370.15
_bPEE
100 _aPeel,E.A.
245 4 _aThe Psychological Basis of Education,
_cE.A.Peel
260 _aEdinburgh
_bOliver and Boyd
_c1956
300 _avii,299 p.
_b ill.,fig.
504 _a2nd impression 1958
650 _aEducation
651 _aEducational Psychology
850 _aLCLIB
942 _cBK
999 _c3591
_d54070